000 01654nam0a2200385 4500
001 RU\NLR\bibl\380046
005 20250622153227.0
021 _aRU
_b2003-2388
_9106
035 _a(NLR Aleph) 000374465
090 _a416270
_c416270
100 _a20030304d2002 |||y0rusy50 ca
101 0 _arus
102 _aRU
105 _aa |||||||||
200 1 _aМраморный дворец в Санкт-Петербурге. Век восемнадцатый
_fА. Е. Ухналев
210 _aСПб.
_cЛевша. Санкт-Петербург
_d2002
215 _a236,[1] с., [5] л. ил.
_cил.
_d21
320 _aБиблиогр. в примеч. в конце разд.
601 0 2 _aМраморный дворец
_cСанкт-Петербург, город
_xАрхитектура
_92284033
_3RU\NLR\AUTH\661368277
610 0 _aАрхитектурные памятники
610 0 _aДворцовая архитектура русская
610 0 _aСанкт-Петербург, архитектур. памятники
675 _a725.111(471.23-25)
_v3
_zrus
686 _a67.07
_2rugasnti
686 _a85.113(2)
_2rubbk
686 _aЩ113(2Р=Рус)92Петербург7Мраморный дворец
700 1 _aУхналев
_bА. Е.
_f1960-
_gАндрей Евгеньевич
_4070
801 0 _aRU
_bRKP
_c20030304
_gPSBO
801 1 _aRU
_bRKP
_c20030304
801 2 _aRU
_bNLR
_c20030417
_grcr
942 _cBOOK
980 _aNB
981 4 3 _a(43) Тематическая подборка Санкт-Петербург
_b(43) Дворцы. Особняки. Дома